000 00654 a2200193 4500
999 _c6623
_d6623
020 _a9781903068489
050 _aTP370 DES 2007
100 _aInglis, Janet
_eauthor
245 _aGCSE Design and technology:
_bfood technology /
_cJanet Inglis and others...
264 _aCarnforth :
_bLetts & Lonsdale,
_c2007.
300 _a88p. :
_bill.(col.)
500 _aIncludes index
650 _aFood -- Study and teaching (Secondary)
650 _aFood industry and trade -- Study and teaching (Secondary)
700 _aSunderland, Judith
_eauthor
700 _aFinch, Christine
_eauthor
700 _aTooley, Angela
_eauthor
942 _2lcc
_cBK
_h370
_iING
_kTP